|
|
|
|
| LEADER |
01265pam a22003258a 4500 |
| 001 |
00026694 |
| 005 |
20171026081025.0 |
| 008 |
110816s2008 ||||||viesd |
| 020 |
|
|
|c 30000
|
| 041 |
0 |
# |
|a vie
|
| 082 |
1 |
4 |
|a 907
|b GI108TR
|
| 100 |
1 |
# |
|a Nguyễn Cảnh Minh
|
| 245 |
1 |
0 |
|a Giáo trình phương pháp nghiên cứu và biên soạn lịch sử địa phương
|b Dùng cho các trường đại học Sư phạm
|c Nguyễn Cảnh Minh (ch.b.), Đỗ Hồng Thái, Hoàng Thanh Hải
|
| 260 |
# |
# |
|a H.
|b Đại học Sư phạm
|c 2008
|
| 300 |
# |
# |
|a 167 tr.
|c 24 cm.
|
| 504 |
# |
# |
|a Thư mục: tr.167
|
| 650 |
# |
4 |
|a Lịch sử
|
| 650 |
# |
4 |
|a Giáo dục
|
| 650 |
# |
4 |
|a Phương pháp nghên cứu
|
| 650 |
# |
4 |
|a Địa phương
|
| 650 |
# |
4 |
|a Việt Nam
|
| 700 |
1 |
# |
|a Hoàng Thanh Hải
|
| 700 |
1 |
# |
|a Đỗ Hồng Thái
|
| 852 |
# |
# |
|b Kho giáo trình
|j KGT.0032148, KGT.0032149, KGT.0032150, KGT.0032151
|
| 852 |
# |
# |
|b Kho mượn
|j KGT.0032148
|
| 852 |
# |
# |
|b Kho đọc
|j KD.0010805
|
| 852 |
# |
# |
|j KD.0010805
|j KGT.0032149
|j KGT.0032151
|j KGT.0032148
|j KGT.0032150
|j KGT.0055637
|
| 910 |
|
|
|d 16/08/2011
|
| 980 |
# |
# |
|a Trung tâm Học liệu Lê Vũ Hùng, Trường Đại học Đồng Tháp
|